000 00296nam a2200109Ia 4500
008 220204s9999 xx 000 0 und d
082 _a677
_bSCH
245 0 _aSurface characteristics of fibers and textiles. 2 Pts
260 _aNew York
_bMarcel Dekker
_c1975
700 _aSchick, M J
942 _cBK
999 _c25690
_d25690